000 01323nam a2200325 i 4500
003 EG-GICUC
005 20260121101222.0
008 251115s1981 ua ||||fr|||| 00| 0 ara d
040 _a EG-GICUC
_bara
_c EG-GICUC
_d EG-GICUC
_erda
041 0 _aara
082 0 4 _221
_a345
_bأ ح . ق
092 0 4 _221
099 _aLaw1 07 345 أ ح . ق 1 ed - 1981
100 0 _aأحمد حافظ نجم
_eمؤلف.
245 1 2 _aالقانون الإداري :
_bدراسة قانونية لتنظيم ونشاط الإدارة العامة.
_nالجزء الثاني،
_pأساليب الإدارة العامة ووسائلها وامتيازاتها /
_cدكتور أحمد حافظ نجم.
250 _aالطبعة الأولى
264 _aالقاهرة :
_bدار الفكر العربي/
_c1981.
300 _a343 صفحة ؛
_c24 سم.
336 _2rda content
_atext
337 _2rda media
_aComputer
338 _2rda carrier
_aOnline Resource
504 _aيشتمل على إرجاعات ببليوجرافية.
546 _aالنص باللغة العربية
650 1 4 _aالنشاط الإداري
_2qrmak
650 1 4 _aأساليب الضبط الإداري
651 1 _2qrmak
856 4 0 _uhttps://fll.law.cu.edu.eg/fulltext/bks/B07-00561.pdf
905 _a65
942 _2ddc
_cBK
_e21
_n0
999 _c43308
_d43308